000 00862nam0a22002531 4500
001 rc\3010817
005 20250810055938.0
035 _a(NLR Aleph) 007153367
090 _a7174703
_c7174703
100 _a20110923d1944 u y0rusy50 ca
101 0 _arus
102 _aRU
105 _aa z |||||
200 1 _aЧесотка у сельскохозяйственных животных
_fА. Бобашинский
210 _a[Ленинград]
_cЛениздат
_d1944
_gТип. им. Володарского
215 _a36 с.
_cил.
_d13 см
700 1 _aБобашинский
_bА.И.
_gАлександр Иосифович
801 0 _aRU
_bNLR
_gpsbo
801 1 _aRU
_bELAR
_2rusmarc
852 _aNLR
_jВт02 Г-2/57
942 _cBOOK
945 _aРоссийская национальная библиотека
980 _aNB
980 _aBV